Vida del cura de Ars, San Juan Ma. Bautista Vianney, patrono del clero parroquial (Registro nro. 87735)
[ vista simple ]
| 000 -ENCABEZADO | |
|---|---|
| Número de control [NR] | 00754nam a22001817a 4500 |
| 008 - DE LONGITUD FIJA DE DATOS DE ELEMENTOS - INFORMACIÓN GENERAL | |
| Elementos de longitud fija [NR] | 130821s1929 sp gr spa |
| 040 ## - FUENTE DE CATALOGACION [NR] | |
| Agencia de catalogación original [NR] | Co-BoUCM |
| Idioma de catalogación [NR] | spa |
| 041 00 - CODIGO DE IDIOMA [R] | |
| Código de idioma para texto/pista de sonido o título separado [R] | Español |
| 100 ## - ASIENTO PRINCIPAL--NOMBRE PERSONAL [NR] | |
| Nombre personal [NR] | Trochu, Francis |
| ID Autoridad | 150693 |
| 245 00 - MENCION DE TITULO [NR] | |
| Título [NR] | Vida del cura de Ars, San Juan Ma. Bautista Vianney, patrono del clero parroquial |
| Mención de responsabilidad, etc. [NR] | Francisco Trochu; Traducción española Por Manuel González, Obispo de M laga |
| 260 ## - PUBLICACION, DISTRIBUCION, ETC. (PIE DE IMPRENTA) [R] | |
| Lugar de publicación, distribución, etc. [R] | Barcelona (España) |
| Nombre del editor, distribuidor, etc. [R] | Editorial Litúrgica Española |
| Fecha de publicación, distribución, etc. [R] | 1929 |
| 300 ## - DESCRIPCION FISICA [R] | |
| Extensión [R] | xix, 700 páginas |
| 500 ## - NOTA GENERAL [R] | |
| Nota general [NR] | Incluye índice |
| 600 ## - ASIENTO SECUNDARIO DE MATERIA - NOMBRE PERSONAL [R] | |
| Nombre personal [NR] | Vianney, Juan Bautista María |
| Títulos y otras palabras asociadas con el nombre [R] | Santo |
| Fechas asociadas con el nombre [NR] | 1786-1859 |
| 9 (RLIN) | 3146 |
| 700 ## - ASIENTO SECUNDARIO - NOMBRE PERSONAL [R] | |
| Nombre personal [NR] | González, Manuel, Ob. de M Laga,. |
| Término de relación [R] | |
| 9 (RLIN) | 150694 |
| 942 ## - ELEMENTOS DE ENTRADA AGREGADOS (KOHA) | |
| Tipo de ítem principal el descrito en 300a | Libro |
| Tema principal | Biografías |
| Edición | 1 |
| Parte restante de la signatura top. | T76 |
| Título oculto en OPAC | No |
| Sistema de clasificación | DEWEY |
| Clasificación | 922.22 |
| Signatura topográfica | Código de barras | Última vez visto | Ejemplar | Price effective from | Tipo de ítem | Perdido | Sistema de clasificación | Dañado | No prestable | Tipo de ítem específico | Suprimido | Ubicación habitual | Ubicación actual | Localización | Fecha de creación | Forma de adquisición | Costo |
|---|---|---|---|---|---|---|---|---|---|---|---|---|---|---|---|---|---|
| FCS 922.22 T76 | 120001004 | 09/07/2012 | Ej.1 | 03/02/2013 | Libro | DEWEY | Fondos especiales | Archivo Histórico | Archivo histórico | 28/02/2003 | Donación | 1000.00 |